Education and research partnership in hydrology

Bibliographic Details
Main Authors: Sevruk, Boris (Author), Szolgay, Ján, 1953- (Author)
Format: Article
Language:Slovak
English
ISSN:0042-790X
Subjects:

MARC

LEADER 00000nab a2200000 a 4500
001 vtls000690194
005 20260512095727.0
008 250425c1999 xo 0 slo
015 |a SNBRB1999/03-08028 
035 |a CLN000042361 
035 |a urn:nbn:sk:snk-abitd 
035 |a (urnnbn)urn:nbn:sk:snk:ar-a04rzx 
035 |a (uuid)2b4b03e9-d682-43bc-9b36-f4be58861cb3 
040 |a SNKBUCL  |b slo  |c SNKBUCL  |e AACR2 
041 0 |a eng 
044 |a xo  |c SK 
080 |a 556:378:001.891  |2 1997 
080 |a 378  |2 1997 
080 |a 001.891  |2 1997 
100 1 |a Sevruk, Boris  |4 aut  |9 398018 
245 1 0 |a Education and research partnership in hydrology  |c Boris Sevruk, Ján Szolgay 
650 0 7 |a hydrológia  |2 snkbucl  |9 853 
650 0 7 |a výskum  |2 snkbucl  |9 4238 
650 0 7 |a vzdelávanie  |2 snkbucl  |9 4033 
655 7 |a články z novín a časopisov  |2 snkbucl  |9 267496 
700 1 |a Szolgay, Ján,  |d 1953-  |4 aut  |9 200022 
773 0 |t Journal of hydrology and hydromechanics  |g Roč. 47, č. 1 (1999), s. 72-75  |x 0042-790X 
852 |a Slovenská národná knižnica 
958 |a article27 
958 |a OND 
958 |a EUIPO 
999 |c 2818513  |d 2820443